Normal view
MARC view
Entry Topical Term
001 - CONTROL NUMBER
- control field: 25287
003 - CONTROL NUMBER IDENTIFIER
- control field: OSt
005 - DATE AND TIME OF LATEST TRANSACTION
- control field: 20260518162509.0
008 - FIXED-LENGTH DATA ELEMENTS
- fixed length control field: 260518|| aca||aabn | a|a d
040 ## - CATALOGING SOURCE
- Original cataloging agency: OSt
- Transcribing agency: OSt
150 ## - HEADING--TOPICAL TERM
- Topical term or geographic name entry element: Afro-American Musicians-Biography-Juvenile Literature
670 ## - SOURCE DATA FOUND
- Source citation: Work cat.: (OSt)22386: Tate, Eleanora E. 25286, Black Stars, 2000
